| 000 | 00649nam a22002177a 4500 | ||
|---|---|---|---|
| 008 | 150520b xxu||||| |||| 00| 0 eng d | ||
| 020 | _a1416001417 | ||
| 041 | 0 | _aeng | |
| 080 | _a618.2 | ||
| 100 | _aMurray, Sharon Smith. | ||
| 245 | 0 | 0 |
_aFoundations of maternal-newborn nursing / _cSharon Smith Murray, Emily Slone McKinney. |
| 250 | _aBotimi katërt | ||
| 260 |
_aSt. Louis, Mo. : _bElsevier Saunders, _cc2006. |
||
| 300 |
_a1028 f _bme il _c27 cm |
||
| 505 | _aIndex:f. 981-1028 | ||
| 650 | 0 | _aKujdes i materniteteve | |
| 650 | 1 | 2 | _aKujdes i fëmijëve |
| 650 | 2 | 2 | _aShëndeti familjar |
| 700 | 1 | _aMcKinney, Emily Slone. | |
| 942 |
_2udc _cBK |
||
| 999 |
_c849 _d849 |
||